Statistics for Capital City - Text Version [ONE UPDATED] [RANDOMIZED]

Click here to take the quiz!

General Stats

  • This quiz has been taken 33 times
    (21 since last reset)
  • The average score is 23 of 31

Answer Stats

Capital CityCountries% Correct
MoscowRussia
100%
Washington, D.CUnited States
100%
BejingChina
88%
Buenos AiresArgentina
82%
BerlinGermany
82%
New DelhiIndia
82%
TunisTunisia
82%
New YorkUnited States
82%
ReykjavíkIceland
76%
MumbaiIndia
76%
IslamabadPakistan
76%
KyivUkraine
76%
LondonUnited Kingdom
76%
Algiers (El Djazaïr)Algeria
71%
MinskBelarus
71%
Ottawa / TorontoCanada
71%
NuukGreenland
71%
RomeItaly
71%
TokyoJapan
71%
Nur-SultanKazakhstan
71%
WarsawPoland
71%
SeoulSouth Korea
71%
MadridSpain
71%
ParisFrance
65%
RabatMorocco
65%
PyongyangNorth Korea
65%
LisbonPortugal
65%
TashkentUzbekistan
65%
DublinIreland
59%
BishkekKyrgyzstan
53%
BasseterreS. Kitts and Nevis
53%

Score Distribution

Percentile by Number Answered

Percent of People with Each Score

Your Score History

You have not taken this quiz since the last reset